[Event "BCF-ch PM U1750 op"]
[Site "Hull"]
[Date "2024.08.02"]
[Round "5"]
[White "Ding, Yicheng"]
[Black "Gunn, Michael J"]
[Result "1/2-1/2"]
[WhiteElo "1489"]
[BlackElo "1569"]
[PlyCount "78"]
[EventDate "2024.07.29"]
[EventType "swiss"]
[EventRounds "6"]
[EventCountry "ENG"]
[SourceTitle "CBM 221 Extra"]
[Source "ChessBase"]
[SourceDate "2024.09.30"]
[SourceVersion "1"]
[SourceVersionDate "2024.09.30"]
[SourceQuality "1"]

1. d4 Nf6 2. c4 e6 3. Nf3 b6 4. a3 Bb7 5. Nc3 Ne4 6. Qc2 f5 7. Bf4 d6 8. e3 Be7 9. Bd3 Nxc3 10. Qxc3 Bf6 11. 0-0 0-0 12. Nd2 c5 13. Nb3 Nc6 14. Rfe1 e5 15. Bg3 e4 16. Bf1 Qd7 17. Qd2 Rad8 18. Rad1 Qf7 19. d5 Ne5 20. Nc1 g5 21. b3 h5 22. a4 Qg6 23. Kh1 Rf7 24. Bxe5 Bxe5 25. Be2 g4 26. g3 Rh7 27. Kg2 h4 28. a5 Rdd7 29. Rh1 Rh6 30. axb6 axb6 31. Bf1 Rdh7 32. Ne2 hxg3 33. fxg3 Qg7 34. Nf4 Bxf4 35. exf4 Qh8 36. Kg1 Re7 37. Qe3 Kf7 38. Rd2 Kg6 39. Kg2 Reh7 1/2-1/2

[Event "BCF-ch PM U1750 op"]
[Site "Hull"]
[Date "2024.07.29"]
[Round "1"]
[White "Grice, Alec"]
[Black "Gunn, Michael J"]
[Result "1-0"]
[WhiteElo "1660"]
[BlackElo "1569"]
[PlyCount "77"]
[EventDate "2024.07.29"]
[EventType "swiss"]
[EventRounds "6"]
[EventCountry "ENG"]
[SourceTitle "CBM 221 Extra"]
[Source "ChessBase"]
[SourceDate "2024.09.30"]
[SourceVersion "1"]
[SourceVersionDate "2024.09.30"]
[SourceQuality "1"]

1. e4 d5 2. exd5 Nf6 3. Nf3 Qxd5 4. Nc3 Qh5 5. d4 c6 6. Be2 Qa5 7. Bd2 Qc7 8. h3 Bf5 9. 0-0 Nbd7 10. Bc4 e6 11. Re1 Be7 12. Be3 h6 13. Qd2 Nd5 14. Nxd5 cxd5 15. Bb3 Kf8 16. Rac1 Qb6 17. c3 Nf6 18. Ne5 Rd8 19. Qe2 Be4 20. Bf4 g5 21. Bh2 h5 22. Bc2 Qxb2 23. Bxe4 Qxe2 24. Rxe2 Nxe4 25. c4 Nf6 26. c5 Kg7 27. Rb1 Ra8 28. Rxb7 Rhe8 29. Reb2 a5 30. f3 Ng8 31. c6 Nh6 32. Nd7 Bb4 33. c7 Bc3 34. Be5+ Kg6 35. Rb1 Bb4 36. a3 Bxa3 37. Rb8 Bb4 38. Rc1 Rc8 39. Rxa8 1-0

[Event "GBR-ch U1750 106th"]
[Site "Torquay"]
[Date "2019.07.31"]
[Round "3"]
[White "Gunn, Michael J"]
[Black "Archer Lock, Helen"]
[Result "0-1"]
[WhiteElo "1634"]
[BlackElo "1406"]
[PlyCount "46"]
[EventDate "2019.07.29"]
[EventType "swiss"]
[EventRounds "7"]
[EventCountry "ENG"]
[SourceTitle "EXT 2025"]
[Source "ChessBase"]
[SourceDate "2024.10.14"]
[SourceVersion "1"]
[SourceVersionDate "2024.10.14"]
[SourceQuality "1"]

1. e4 e6 2. d3 d5 3. Nd2 Nf6 4. Ngf3 Be7 5. g3 0-0 6. Bg2 Nc6 7. 0-0 b6 8. Re1 Bb7 9. e5 Nd7 10. d4 Na5 11. h4 c5 12. c3 Qc8 13. Nf1 cxd4 14. cxd4 Nc4 15. a3 Re8 16. b3 Na5 17. Bd2 Nc6 18. b4 a6 19. Rc1 f6 20. Bf4 b5 21. N1h2 a5 22. exf6 Nxf6 23. Rxe6 Qxe6 0-1

[Event "Torquay Paignton Bloodworth op"]
[Site "Torquay"]
[Date "2018.09.07"]
[Round "6"]
[White "Gunn, Michael J"]
[Black "Rogers, David R"]
[Result "1/2-1/2"]
[WhiteElo "122"]
[BlackElo "132"]
[PlyCount "71"]
[EventDate "2018.09.02"]
[EventType "swiss"]
[EventRounds "7"]
[EventCountry "ENG"]
[SourceTitle "CBM 187 Extra"]
[Source "ChessBase"]
[SourceDate "2018.11.04"]
[SourceVersion "1"]
[SourceVersionDate "2018.11.04"]
[SourceQuality "1"]

1. e4 g6 2. d4 Bg7 3. c3 d6 4. Bd3 Nd7 5. Nf3 Ngf6 6. h3 0-0 7. 0-0 c6 8. Be3 Qc7 9. Qd2 Re8 10. Bh6 Bh8 11. Re1 e5 12. dxe5 Nxe5 13. Nxe5 dxe5 14. Qe3 Be6 15. Nd2 Rad8 16. Nf3 b6 17. Ng5 Bg7 18. Bxg7 Kxg7 19. Nxe6+ Rxe6 20. Rad1 Red6 21. Bc2 c5 22. Rxd6 Rxd6 23. Rd1 Qc6 24. Rxd6 Qxd6 25. f3 c4 26. Kf1 a6 27. b3 b5 28. b4 Nh5 29. Kf2 Nf4 30. a3 Qd8 31. Kf1 h6 32. Qf2 Nd3 33. Qd2 h5 34. Bxd3 cxd3 35. Kf2 Qb6+ 36. Kf1 1/2-1/2

[Event "Torquay Paignton Bloodworth op"]
[Site "Torquay"]
[Date "2018.09.03"]
[Round "2"]
[White "Smith, David"]
[Black "Gunn, Michael J"]
[Result "1-0"]
[WhiteElo "131"]
[BlackElo "122"]
[PlyCount "113"]
[EventDate "2018.09.02"]
[EventType "swiss"]
[EventRounds "7"]
[EventCountry "ENG"]
[SourceTitle "CBM 187 Extra"]
[Source "ChessBase"]
[SourceDate "2018.11.04"]
[SourceVersion "1"]
[SourceVersionDate "2018.11.04"]
[SourceQuality "1"]

1. e4 e6 2. d4 d5 3. e5 c5 4. c3 Bd7 5. Nf3 a6 6. Be2 Bb5 7. Bxb5+ axb5 8. dxc5 Bxc5 9. 0-0 Ne7 10. Qe2 Qd7 11. b4 Bb6 12. Na3 0-0 13. Nxb5 Nbc6 14. Re1 Na7 15. Nxa7 Rxa7 16. Be3 Bxe3 17. Qxe3 Ra3 18. Qd3 h6 19. Rec1 Rc8 20. Nd4 Nc6 21. Qe2 Nxd4 22. cxd4 Rac3 23. Qd2 Qc6 24. Rxc3 Qxc3 25. Qxc3 Rxc3 26. a4 Rc4 27. Rb1 Rxd4 28. Kf1 Kf8 29. f3 Ke7 30. a5 Kd7 31. Ke2 Rc4 32. Kd3 Kc6 33. b5+ Kc7 34. Rb3 Ra4 35. b6+ Kc6 36. Rc3+ Kb5 37. Rc7 Rxa5 38. Rxb7 Ra6 39. Rxf7 g5 40. Rf6 Rxb6 41. Rxh6 Kc5 42. Rg6 Rb3+ 43. Kc2 Re3 44. Rxg5 Kd4 45. Rg4+ Kxe5 46. h4 Ra3 47. h5 d4 48. h6 Ra8 49. h7 Rh8 50. Rh4 Kf6 51. f4 e5 52. fxe5+ Kxe5 53. Kd3 Kf6 54. Kxd4 Kg7 55. Ke5 Re8+ 56. Kf5 Ra8 57. h8Q+ 1-0

[Event "Torquay Paignton Bloodworth op"]
[Site "Torquay"]
[Date "2018.09.02"]
[Round "1"]
[White "Gunn, Michael J"]
[Black "Pride, Stephen C"]
[Result "0-1"]
[WhiteElo "122"]
[BlackElo "138"]
[PlyCount "52"]
[EventDate "2018.09.02"]
[EventType "swiss"]
[EventRounds "7"]
[EventCountry "ENG"]
[SourceTitle "CBM 187 Extra"]
[Source "ChessBase"]
[SourceDate "2018.11.04"]
[SourceVersion "1"]
[SourceVersionDate "2018.11.04"]
[SourceQuality "1"]

1. e4 d6 2. d4 Nf6 3. Nc3 e5 4. Nf3 exd4 5. Nxd4 Be7 6. h3 0-0 7. Bd3 Nc6 8. Nxc6 bxc6 9. 0-0 Re8 10. Qf3 Bb7 11. Qg3 Qd7 12. f4 Bf8 13. Bd2 Re7 14. Rae1 Rae8 15. e5 dxe5 16. fxe5 Nh5 17. Qg5 g6 18. Re4 h6 19. Qe3 c5 20. Rh4 Rxe5 21. Qf2 a6 22. Rxh5 Rxh5 23. Ne2 c4 24. Bxc4 Bc5 25. Bxf7+ Qxf7 26. Qxc5 Rxc5 0-1